| 000 | 00374cam a2200145ua 4500 | ||
|---|---|---|---|
| 041 |
_ahin _h |
||
| 082 |
_a891.43 _bRAN/AA |
||
| 100 | _aRamayog Ragav, . | ||
| 245 |
_aaTHUNIK HINDI KAVITHA MEN VISHAY AND SHYLI / _cRamyog ragav. _hTextual Documents |
||
| 260 |
_a : _bRajpal and Sanch , _c1962. |
||
| 300 | _a352 ; . | ||
| 504 | _a | ||
| 942 | _cBK | ||
| 999 |
_c12282 _d12282 |
||